Statistics for Longest Country Names by Continent

Click here to take the quiz!

General Stats

  • This quiz has been taken 963 times
    (934 since last reset)
  • The average score is 4 of 6

Answer Stats

ContinentCountry% Correct
South AmericaArgentina / Venezuela
89%
AfricaDemocratic Republic of the Congo
83%
AustraliaFederated States of Micronesia
73%
North AmericaSaint Vincent and the Grenadines
69%
EuropeBosnia and Herzegovina
58%
AsiaUnited Arab Emirates
55%

Score Distribution

Percentile by Number Answered

Percent of People with Each Score

Your Score History

You have not taken this quiz since the last reset